[Event "US Open-113"]
[Site "Vancouver"]
[Date "2012.08.06"]
[Round "3"]
[White "Pereira, Royce Trentin"]
[Black "Tsao, Kevis"]
[Result "0-1"]
[WhiteElo "1660"]
[BlackElo "1933"]
[PlyCount "54"]
[EventDate "2012.08.04"]
[EventType "swiss"]
[EventRounds "9"]
[EventCountry "USA"]
[SourceTitle "CBM 149 Extra"]
[Source "ChessBase"]
[SourceDate "2012.08.24"]
[SourceVersion "1"]
[SourceVersionDate "2012.08.24"]
[SourceQuality "1"]

1. e4 e5 2. f4 Bc5 3. Nf3 d6 4. Bc4 Nf6 5. Nc3 0-0 6. d4 exd4 7. Nxd4 Re8 8. Qd3 Bxd4 9. Qxd4 Nc6 10. Qe3 Bf5 11. Bd3 Bxe4 12. Bxe4 Nxe4 13. 0-0 Nf6 14. Bd2 Nd4 15. Rac1 c6 16. h3 Ne2+ 17. Nxe2 Nd5 18. Rf2 Nxf4 19. Rd1 Nd5 20. Bc3 Nxc3 21. bxc3 f5 22. g3 d5 23. a4 g5 24. Rd2 h5 25. h4 Rxe3 26. Kg2 f4 27. Rd3 a5 0-1